Bienvenue au Catalogue en Ligne des Bibliothèques de l'Universite du Burundi

La Théiculture et son impact socio-économique en commune Bukeye (1963-2013) (Record no. 45179)

000 -GUIDE
Champ de contrôle de longueur fixe 01295nam a22002537a 4500
003 - IDENTITÉ DU NUMÉRO DE CONTRÔLE
Champ de contrôle BI-BuBU
008 - ÉLÉMENTS DE LONGUEUR FIXE - RENSEIGNEMENTS GÉNÉRAUX
Champ de contrôle de longueur fixe 210805b2018 bd fr|||| 000 0 fre d
037 ## - SOURCE D'ACQUISITION
Source d'acquisition et du numéro d'inventaire Don de l'auteur
039 ## - NIVEAU DE CONTRÔLE BIBLIOGRAPHIQUE ET HISTORIQUE D'ENCODAGE [OBSOLETE]
Date creation 20210805074423.0
Nom catalographe Raphael Vyagizimana
040 ## - SOURCE DU CATALOGAGE
Organisme qui a effectué le catalogage original BI-BuBU
Code de la langue utilisée dans le catalogage fre
Organisme qui a effectué la transcription BI-BuBU
Organisme qui a effectué la modification BI-BuBU
080 ## - INDICE DE LA CLASSIFICATION DÉCIMALE UNIVERSELLE (CDU)
Indice de la Classification décimale universelle 633.72
100 1# - VEDETTE PRINCIPALE - NOM DE PERSONNE
Code de relation aut.
Nom de personne Ndayizamba, Jean Marie
245 13 - MENTION DU TITRE
Titre La Théiculture et son impact socio-économique en commune Bukeye (1963-2013)
Mention de responsabilité, etc. par Jean Marie Ndayizamba ; Oscar Toyi, directeur
260 ## - PUBLICATION, DIFFUSION, ETC. (ADRESSE BIBLIOGRAPHIQUE)
Lieu de publication, diffusion, etc. Bujumbura
Nom de l'éditeur, diffuseur, etc. Université du Burundi, Faculté des Lettres et Sciences Humaines, Département d'Histoire
Date of publication, distribution, etc 2018
300 ## - DESCRIPTION MATÉRIELLE
Collation VII--73 f.
Dimensions 30 cm.
500 ## - NOTE GÉNÉRALE
Note générale Mémoire présenté et défendu en vue de l'obtention du grade de "Licencié en Histoire"
520 ## - RÉSUMÉ, ETC.
Résumé, etc. RESUME,<br/><br/>Le thé,culture industrielle introduite au Burundi en troisième lieu après le café et le coton avait pour objet de compléter après l'indépendance aux revens tirés de la culture et l'exportation
650 #7 - VEDETTE-MATIÈRE - NOM COMMUN
Source du terme BI-BuBU
Vedette de sujet ou vedette comportant un nom géographique Théiculture
Subdivision générale Impact socio-économique
Subdivision chronologique 1963-2013
Subdivision géographique Bukeye (Commune)
655 #7 - TERME D'INDEXATION - GENRE OU FORME
Source du terme BI-BuBU
Données ou terme dominant sur le genre ou la forme Mémoire
700 1# - VEDETTE SECONDAIRE - NOM DE PERSONNE
Code de relation dir.
Nom d'auteur Toyi, Oscar
710 ## - VEDETTE SECONDAIRE - NOM DE COLLECTIVITÉ
Code de relation aut.
Nom de la collectivité ou nom de lieu comme élément de classement Université du Burundi
Collectivité subordonnée Faculté des Lettres et Sciences Humaines
Lieu de réunion Bujumbura
942 ## - ÉLÉMENTS D'ENTRÉE ADDITIONNELLE (KOHA)
Source de la classification ou du système de rangement
Type d item koha Memoire
Holdings
Statut de retrait Statut de perte Source de la classification ou du système de rangement Statut de déterioration Exclu du prêt Numéro d item Koha Localisation permanente Localisation actuelle Date d'acquisition Source d'acquisition Nombre de prêts Cote Code-barres Date last seen Numéro d'exemplaire Prix en vigueur à partir du Type d item koha Numero d'inventaire
        Not For Loan 73111 Bibliothèque Centrale Bibliothèque Centrale 05/08/2021 Don de l'auteur   R.633.72 NDA.2018 5010000708108 05/08/2021 1 05/08/2021 Memoire 238700
© 2019-2026 - Bibliothèques de l'Université du Burundi |Tous droits réservés
home | Pour toute information urgente Contactez nous | tel whatsupp: +25779204313